Score 0/17 Timer 05:00
3 Plays Today
Actor Character % Correct
Ty BurrellPhil Dunphy
92.3%
Sofia VergaraGloria Delgado-Pritchett
90.6%
Rico RodriguezManny Delgado
90.4%
Julie BowenClaire Dunphy
89%
Eric StonestreetCameron Tucker
88.7%
Ed O'NeillJay Pritchett
88.3%
Jesse Tyler FergusonMitchell Pritchett
82.5%
Nolan GouldLuke Dunphy
79.2%
Ariel WinterAlex Dunphy
77.4%
Actor Character % Correct
Aubrey Anderson-EmmonsLily Tucker-Pritchett
75.6%
Sarah HylandHaley Dunphy
72.8%
Reid EwingDylan
50.9%
Shelley LongDeDe Prichett
33.6%
Benjamin BrattJavier Delgado
23%
Fred WillardFrank Dunphy
13.6%
Celia WestonBarb Tucker
8.8%
Jonathan BanksDonnie Prichett
6.4%
Come Together.
Have Fun.
All Virtual.
We all need to come together. Play Sporcle's virtual live trivia to have fun, connect with people, and get your trivia on. Join a live hosted trivia game for your favorite pub trivia experience done virtually. If a virtual private party is more your thing, go here for details.

You're not logged in!

Compare scores with friends on all Sporcle quizzes.
OR
Log In

Sporcle TV

Today on Sporcle TV


Watch our educational content, quiz creation guides, and fun videos on Sporcle TV.

Show Comments

Extras

Top Quizzes Today


Score Distribution

Paid Content

Your Account Isn't Verified!

In order to create a playlist on Sporcle, you need to verify the email address you used during registration. Go to your Sporcle Settings to finish the process.

Report this User

Report this user for behavior that violates our Community Guidelines.

Details: